Country to Currency - Statistics

General Stats
  • This quiz has been taken 43 times
  • The average score is 25 of 36
Answer Stats
Hint Answer % Correct
Mexico Peso
89%
United Kingdom Pound
89%
India Rupee
89%
Japan Yen
89%
United States of America Dollar
87%
Canada Dollar
87%
France Euro
87%
Australia Dollar
82%
Austria Euro
82%
Russia Ruble
82%
New Zealand Dollar
79%
Greece Euro
79%
Switzerland Franc
76%
China Yuan
76%
Cuba Peso
74%
Cyprus Euro
71%
Finland Euro
71%
Turkey Lira
71%
South Africa Rand
71%
South Korea Won
71%
Thailand Baht
68%
Chile Peso
68%
Argentina Peso
68%
Brazil Real
68%
Poland Złoty
66%
Venezuela Bolívar
63%
Saudi Arabia Riyal
63%
Pakistan Rupee
58%
Iceland Króna
55%
Ukraine Hryvina
53%
Malaysia Ringgit
53%
Colombia Peso
50%
Nepal Rupee
50%
Angola Kwanza
42%
Taiwan Dollar
37%
Egypt Pound
37%
No matching quizzes found
Score Distribution
Percent of People with Each Score
Percentile by Number Answered
Your Score History
You have not taken this quiz